| Поле | Название | Значение |
| |
Тип записи |
a |
| |
Библиографический уровень |
m |
| 001 |
Контрольный номер |
RU/SLIB/B/208764482 |
| 005 |
Дата корректировки |
20260623144103.0 |
| 010 |
Индекс ISBN |
__ |
| a |
ISBN |
5-7695-0846-9 |
| d |
Цена |
74-03 |
| 101 |
Язык документа |
0_ |
| a |
Язык текста |
rus |
| 200 |
Заглавие и сведения об ответственности |
1_ |
| a |
Заглавие |
Психология семейных отношений с основами семейного консультирования |
| e |
Сведения, относящиеся к заглавию |
учеб. пособие |
| f |
Первые сведения об ответственности |
Моск. гос. соц. ун-т ; Е. И. Артамонова [и др.] ; под ред. Е. Г. Силяевой |
| b |
Общее обозначение материала |
Текст |
| 210 |
Выходные данные |
1_ |
| a |
Место издания |
М. |
| c |
Издательство |
Academia |
| d |
Дата издания |
2002 |
| 215 |
Физическое описание |
__ |
| a |
Объем |
192 с. |
| 225 |
Серия |
2_ |
| a |
Серия |
Высшее образование |
| 320 |
Библиография |
__ |
| a |
Библиография |
Библиогр. в конце разделов |
| 330 |
Аннотация |
__ |
| a |
Аннотация |
В учебном пособии рассматриваются динамика семейных отношений в современном обществе, закономерности супружеских взаимоотношений, причины их дестабилизации, анализируются типы семейных конфликтов, социально-психологические факторы, приводящие к разводу. Особое место отводится методам социально-психологической помощи семье при дестабилизации семейных отношений. |
| 606 |
Тематические рубрики |
__ |
| a |
Основная рубрика |
Психология |
| 2 |
Код системы |
nlr_sh |
| 606 |
Тематические рубрики |
__ |
| a |
Основная рубрика |
Социальная психология |
| 2 |
Код системы |
nlr_sh |
| 610 |
Ключевые слова |
0_ |
| a |
Ключевые слова |
конфликты; семейные отношения; развивающая среда; бабушки; дедушки; дети; брак; мужья; жены; супружество; супружеские отношения; супружеская жизнь; семейные кризисы; психологическое консультирование; социальные проблемы; консультирование; разводы; психологическая помощь; психологическая диагностика; личность; семьи |
| 610 |
Ключевые слова |
0_ |
| a |
Ключевые слова |
семейное консультирование |
| 686 |
Индексы других классификаций |
__ |
| a |
Классификационный индекс |
88.576я73 |
| 2 |
Код системы |
rubbks |
| 701 |
Альтернативная интеллектуальная ответственность |
_1 |
| a |
Фамилия |
Артамонова |
| b |
Имя |
Е. И. |
| 4 |
Код отношения |
070 |
| 701 |
Альтернативная интеллектуальная ответственность |
_1 |
| a |
Фамилия |
Екжанова |
| b |
Имя |
Е. В. |
| 4 |
Код отношения |
070 |
| 701 |
Альтернативная интеллектуальная ответственность |
_1 |
| a |
Фамилия |
Зырянова |
| b |
Имя |
Е. В. |
| 4 |
Код отношения |
070 |
| 702 |
Вторичная интеллектуальная ответственность |
_1 |
| a |
Фамилия |
Силяева |
| b |
Имя |
Е. Г. |
| 4 |
Код отношения |
Редактор |
| 4 |
Код отношения |
340 |
| 801 |
Источник записи |
_0 |
| a |
Страна |
RU |
| b |
Организация |
Муниципальное бюджетное учреждение культуры "Централизованная библиотечная система" г. Сургут (Центральная городская библиотека им. А. С. Пушкина) |
| g |
Правила каталогизации |
PSBO |
| 801 |
Источник записи |
_1 |
| a |
Страна |
RU |
| b |
Организация |
Муниципальное бюджетное учреждение культуры "Централизованная библиотечная система" г. Сургут (Центральная городская библиотека им. А. С. Пушкина) |
| g |
Правила каталогизации |
PSBO |
| 852 |
Данные о местонахождении |
__ |
| j |
Шифр хранения |
88.576я73 |
| c |
Каталожный индекс |
88.5я73 |
| i |
Авторский знак |
П 86 |
| 901 |
Тип документа |
__ |
| t |
Тип документа |
m |
| a |
Ответственный |
КиК/Поспелова |
| 901 |
Тип документа |
__ |
| a |
Ответственный |
рекл26 |
| 903 |
Характеристики (МАРС) |
__ |
| a |
Дата передачи |
20040331 |
| 969 |
Тип издания |
__ |
| a |
Тип издания |
учебное пособие |
| 990 |
Данные о заказе (DOS) |
__ |
| t |
N записи в КСУ для И/У (DOS) |
200404 |
| j |
Количество экземпляров (DOS) |
3 |